000 00260nam a2200097Ia 4500
008 230915s9999 xx 000 0 und d
050 _aZ 675.U5.T56
100 _aTHOMPSON,JAMES A
245 3 _aAN INTRODUCTION TO UNIVERSITY LIBRARY ADMINISTRATION
942 _cBK
999 _c206673
_d206673